000 00801nam a2200265 i 4500
001 12988
003 ES-MaACL
005 20230906150448.0
007 t|
008 951116s1995 sp |||| | spa j
020 _a84-8230-005-9
080 _a165.232
080 _a17"19"
100 1 _aEspinar Lafuente, Francisco.
_947847
245 1 3 _aEl realismo de sentido
_b: (una filosofía pos-posmodernista) /
_cFrancisco Espinar Lafuente.
250 _a1ª ed.
260 _a[Madrid] :
_bParteluz,
_c1995.
300 _a367 p. ;
_c21 cm.
490 1 _aColección Parteluz ;
_v14
650 1 4 _aRealidad.
_916683
650 1 4 _aEtica-
_yS.XX.
_912583
830 0 _aColección Parteluz ;
_v14
_9179750
852 _aES-MaACL
_jL-20312
_z. - Dedicatoria autógrafa del autor
999 _c12988
_d12988